CRC handbook of chemistry and physics : (Record no. 2218)

MARC details
000 -LEADER
fixed length control field 01503nac a22003731i 4500
003 - CONTROL NUMBER IDENTIFIER
control field EG-ScBUE
005 - DATE AND TIME OF LATEST TRANSACTION
control field 20250709083306.0
008 - FIXED-LENGTH DATA ELEMENTS--GENERAL INFORMATION
fixed length control field 250701t2004 flua f b 001 0 eng d
020 ## - INTERNATIONAL STANDARD BOOK NUMBER
International Standard Book Number 0849304857
020 ## - INTERNATIONAL STANDARD BOOK NUMBER
International Standard Book Number 9780849304859
035 ## - SYSTEM CONTROL NUMBER
System control number (OCoLC)ocm03208084
040 ## - CATALOGING SOURCE
Original cataloging agency EG-ScBUE
Language of cataloging eng
Description conventions rda
Transcribing agency EG-ScBUE
Modifying agency EG-ScBUE
082 04 - DEWEY DECIMAL CLASSIFICATION NUMBER
Classification number 540
Edition number 22
Item number CRC
245 00 - TITLE STATEMENT
Title CRC handbook of chemistry and physics :
Remainder of title a ready-reference book of chemical and physical data /
Statement of responsibility, etc editor-in-Chief David R. Lide, Ph.D., former director, standard reference data, National Institute of Standards and Technology.
246 30 - VARYING FORM OF TITLE
Title proper/short title Handbook of chemistry and physics
250 ## - EDITION STATEMENT
Edition statement Eighty-fifth edition.
264 #1 - PUBLICATION, DISTRIBUTION, ETC. (IMPRINT)
Place of publication, distribution, etc Boca Raton, Florida :
Name of publisher, distributor, etc CRC Press,
Date of publication, distribution, etc [2004]
264 #4 - PUBLICATION, DISTRIBUTION, ETC. (IMPRINT)
Date of publication, distribution, etc c2004
300 ## - PHYSICAL DESCRIPTION
Extent 1 volume (various pagings) :
Other physical details illustrations ;
Dimensions 26 cm
336 ## - CONTENT TYPE
Source rdacontent
Content type term text
Content type code txt
337 ## - MEDIA TYPE
Media type term unmediated
Source rdamedia
Media type code n
338 ## - CARRIER TYPE
Carrier type term volume
Carrier type code nc
Source rdacarrier
500 ## - GENERAL NOTE
General note "A ready-reference book of chemical and physical data."
500 ## - GENERAL NOTE
General note Published: Boca Raton, Fla., <2004->
500 ## - GENERAL NOTE
General note The 85th ed. accompanied by reprint of 1st ed., published under earlier title.
500 ## - GENERAL NOTE
General note Latest issue consulted: 85th ed. (2004/2005).
500 ## - GENERAL NOTE
General note Includes Appendices.<br/>
504 ## - BIBLIOGRAPHY, ETC. NOTE
Bibliography, etc Includes bibliographical references and index.<br/>
650 #7 - SUBJECT ADDED ENTRY--TOPICAL TERM
Topical term or geographic name as entry element Chemistry
Form subdivision Tables.
Source of heading or term BUEsh
650 #7 - SUBJECT ADDED ENTRY--TOPICAL TERM
Topical term or geographic name as entry element Physics
Form subdivision Tables.
Source of heading or term BUEsh
655 ## - INDEX TERM--GENRE/FORM
Form subdivision Reading book
700 1# - ADDED ENTRY--PERSONAL NAME
Personal name Lide, David R.,
Titles and other words associated with a name Jr.,
Dates associated with a name 1928-
Relator term editor.
942 ## - ADDED ENTRY ELEMENTS (KOHA)
Koha item type NB - Book (Non borrowing)
Source of classification or shelving scheme Dewey Decimal Classification
Holdings
Withdrawn status Lost status Source of classification or shelving scheme Damaged status Not for loan Collection code Home library Current library Shelving location Date acquired Source of acquisition Cost, normal purchase price Total Checkouts Full call number Barcode Date last seen Cost, replacement price Koha item type
    Dewey Decimal Classification     Baccah Central Library Central Library First floor 07/02/2013 Purchase 1230.00   540 CRC 000002006 15/07/2025 1537.50 NB - Book (Non borrowing)